| 000 | 01831cam a22004215i 4500 | ||
|---|---|---|---|
| 999 |
_c27792 _d27763 |
||
| 001 | 1071762 | ||
| 003 | EG-ScBUE | ||
| 005 | 20191204150150.0 | ||
| 008 | 911001t19921992enk f b 001 0 eng d | ||
| 020 | _a019506948X | ||
| 020 | _a9780195069488 | ||
| 040 |
_aDLC _beng _erda _cDLC _dDLC _dEG-ScBUE |
||
| 082 | 0 | 4 |
_a801.95 _bGUE _222 |
| 100 | 1 |
_aGuerin, Wilfred L, _eauthor. |
|
| 245 | 1 | 2 |
_aA Handbook of critical approaches to literature / _cWilfred L. Guerin, Louisiana State University in Shreveport [and four others] |
| 246 | 3 | 0 | _aCritical approaches to literature |
| 250 | _aThird edition. | ||
| 264 | 1 |
_aOxford ; _aNew York : _bOxford University Press, _c[1992] |
|
| 264 | 4 | _cc1992 | |
| 300 |
_axvii, 392 pages ; _c21 cm |
||
| 336 |
_atext _btxt _2rdacontent |
||
| 337 |
_aunmediated _bn _2rdamedia |
||
| 338 |
_avolume _bnc _2rdacarrier |
||
| 504 | _aIncludes bibliographical references and index. | ||
| 520 | _aA revised and updated survey of critical responses to literature, which includes new sections on feminism, historicism, narratology and dialogics, hermeneutics, structuralism, post-structuralism, deconstruction and reader response theory. | ||
| 650 | 7 |
_aCriticism. _2BUEsh _95477 |
|
| 653 |
_bHHUUEENN _cNovember2019 |
||
| 655 | _vReading book | ||
| 700 | 1 |
_aLabor, Earle G. _eauthor. |
|
| 700 | 1 |
_aMorgan, Lee, _eauthor. |
|
| 700 | 1 |
_aReesman, Jeanne C., _eauthor. |
|
| 700 | 1 |
_aWillingham, John R., _eauthor. |
|
| 856 | 4 | 2 |
_3Publisher description _uhttp://www.loc.gov/catdir/enhancements/fy0636/91037865-d.html |
| 856 | 4 | 1 |
_3Table of contents only _uhttp://www.loc.gov/catdir/enhancements/fy0636/91037865-t.html |
| 906 |
_a7 _bcbc _corignew _d1 _eocip _f19 _gy-gencatlg |
||
| 942 |
_2ddc _cBB |
||